000 00793naa a2200205 4500
001 45587
003 ES-MaCES
005 20141221114221.0
008 000000s2014 sp ||||| t||||||| ||spa d
040 _aES-MaCES
_bspa
_cES-MaCES
100 1 _935488
_aGonzález, Gerardo
245 1 1 _a"De aquellos polvos, estos lodos... y el descuelgue salarial"
_cGerardo González
650 4 _931527
_adescuelgue salarial
650 4 _928327
_acondiciones de trabajo
650 4 _928362
_anegociación colectiva
653 1 0 _aRelaciones laborales-Empleo
773 0 _981965
_dMadrid (Moreto, 10, 28014) AEDIPE 2003-
_o084870
_tDirigir personas
_w(ES-MaCES)25991
_g2ª ép., n. 20 (abr.-jun. 2014) {55/1038 R. 084870} ;p. 12-15
902 _aART Artículo de revista
942 _2CES
_cAR
_h2.0.
999 _c45587
_d45587